Alle Teams der DEL in der Saison 2025/26 - Statistiken

Allgemein
  • Dieses Quiz wurde 63 mal gespielt
  • Das Durchschnittsergebnis liegt bei 7 aus 14
Antwortstatistiken
Antwort % Korrekt
Eisbären Berlin
86%
Kölner Haie
82%
Adler Mannheim
71%
Straubing Tigers
61%
Dresdner Eislöwen
57%
Iserlohn Roosters
55%
Schwenninger Wild Wings
53%
Augsburger Panther
51%
Löwen Frankfurt
51%
EHC Red Bull München
47%
ERC Ingolstadt
43%
Grizzlys Wolfsburg
39%
Nürnberger Ice Tigers
20%
Pinguins Bremerhaven
16%
Keine übereinstimmenden Quizze gefunden
Verteilung der Resultate
Anzahl Personen mit jedem Resultat
Perzentil nach korrekt beantworteten Fragen
Ihre Resultats-Entwicklung
Sie haben dieses Quiz noch nicht gespielt